| 000 | 00505nam a2200169 a 4500 | ||
|---|---|---|---|
| 005 | 20240425063905.0 | ||
| 008 | 991125s1910 mx 000 0 spa u | ||
| 035 | _aUPN01000013184 | ||
| 049 | _aCE | ||
| 050 | 4 |
_aLB1025 _bC6.28 1910 |
|
| 100 | 1 |
_aCompayré, Gabriel, _d1843-1913 _930505 |
|
| 245 | 1 | 0 |
_aCurso de pedagogía : _bteórica y práctica / _cpor Gabriel Compayré ; tr. F. Sarmiento. |
| 260 |
_aMéxico : _bCh. Bouret, _c1910. |
||
| 300 | _a453 p. | ||
| 650 | 4 |
_aEnseñanza _96215 |
|
| 905 | _aLibro | ||
| 999 |
_c13184 _d13184 |
||